| Tag |
First Indicator |
Second Indicator |
Subfields |
| LEADER |
00000cam a2200000 i 4500 |
| 001 |
in00003607050 |
| 005 |
20170928110451.0 |
| 008 |
150724s2015 enk b 001 0 eng |
| 010 |
|
|
|a 2015022494
|
| 015 |
|
|
|a GBB4C7469
|2 bnb
|
| 019 |
|
|
|a 928834068
|
| 020 |
|
|
|a 9781782977780 (hardback)
|
| 020 |
|
|
|a 1782977783 (hardback)
|
| 020 |
|
|
|z 9781782977797 (eISBN)
|
| 024 |
8 |
|
|a 99965358149
|
| 035 |
|
|
|a (OCoLC)ocn915056858
|
| 035 |
|
|
|a (OCoLC)915056858
|
| 040 |
|
|
|a DLC
|b eng
|e rda
|c DLC
|d YDX
|d OCLCF
|d YDXCP
|d EQO
|d UtOrBLW
|
| 042 |
|
|
|a pcc
|
| 043 |
|
|
|a e-ie---
|
| 049 |
|
|
|a TXAM
|
| 050 |
0 |
0 |
|a GN806.5
|b .W66 2015
|
| 082 |
0 |
0 |
|a 569.909417
|2 23
|
| 100 |
1 |
|
|a Woodman, Peter C.,
|e author.
|0 http://id.loc.gov/authorities/names/n79037627
|
| 245 |
1 |
0 |
|a Ireland's first settlers :
|b time and the Mesolithic /
|c Peter Woodman.
|
| 264 |
|
1 |
|a Oxford ;
|a Philadelphia :
|b Oxbow Books,
|c 2015.
|
| 300 |
|
|
|a vii, 366 pages ;
|c 29 cm
|
| 336 |
|
|
|a text
|b txt
|2 rdacontent
|
| 337 |
|
|
|a unmediated
|b n
|2 rdamedia
|
| 338 |
|
|
|a volume
|b nc
|2 rdacarrier
|
| 504 |
|
|
|a Includes bibliographical references and index.
|
| 505 |
0 |
|
|a Part I. In the beginning -- Why? -- Understanding Ireland's environment and ecology -- It's about time -- Part II. Laying the foundations -- Where did it all come from? -- Chronology, flint facts and other artefacts -- Part III. Often an island too far -- Anything earlier? -- The first arrivals -- Settling in -- Part IV. Lifeway -- Patterns in the landscape -- Food, sustenance and procurement -- Part V. Where to now -- A critical analysis of fieldwork and methodologies -- Life and death.
|
| 650 |
|
0 |
|a Prehistoric peoples
|z Ireland.
|0 http://id.loc.gov/authorities/subjects/sh2010108035
|
| 650 |
|
0 |
|a Mesolithic period
|z Ireland.
|
| 650 |
|
0 |
|a Excavations (Archaeology)
|z Ireland.
|0 http://id.loc.gov/authorities/subjects/sh85046147
|
| 651 |
|
0 |
|a Ireland
|x Antiquities.
|0 http://id.loc.gov/authorities/subjects/sh85067965
|
| 650 |
|
7 |
|a Antiquities.
|2 fast
|0 (OCoLC)fst00810745
|
| 650 |
|
7 |
|a Excavations (Archaeology)
|2 fast
|0 (OCoLC)fst00917564
|
| 650 |
|
7 |
|a Mesolithic period.
|2 fast
|0 (OCoLC)fst01017335
|
| 650 |
|
7 |
|a Prehistoric peoples.
|2 fast
|0 (OCoLC)fst01075242
|
| 651 |
|
7 |
|a Ireland.
|2 fast
|0 (OCoLC)fst01205427
|
| 776 |
0 |
8 |
|i Online version:
|a Woodman, Peter C., author.
|t Ireland's first settlers
|d Philadelphia : Oxbow Books, 2015
|z 9781782977780
|w (DLC) 2015029730
|
| 938 |
|
|
|a YBP Library Services
|b YANK
|n 11817732
|
| 947 |
|
|
|a A14843349912
|
| 945 |
|
|
|a PromptCat
|b 444573
|
| 946 |
|
|
|a stk
|
| 994 |
|
|
|a 92
|b TXA
|
| 948 |
|
|
|a Cataloged
|b h
|c 2016/1/7
|d c
|e AReeder
|
| 999 |
f |
f |
|s 188dde04-2361-3f86-965c-cb3566019df3
|i 8d354739-d166-3347-b8ff-d4665d05b961
|t 0
|
| 952 |
f |
f |
|p normal
|a Texas A&M University
|b College Station
|c Sterling C. Evans Library
|d Evans: Library Stacks
|t 0
|e GN806.5 .W66 2015
|h Library of Congress classification
|i unmediated -- volume
|m A14843349912
|
| 998 |
f |
f |
|a GN806.5 .W66 2015
|t 0
|l Evans: Library Stacks
|